| 000 | 00358nam a2200109Ia 4500 | ||
|---|---|---|---|
| 008 | 171211s9999 xx 000 0 und d | ||
| 245 | _aDesigning Web Interfaces: Principles and Patterns for Rich Interactions | ||
| 245 | _cBill Scott and Theresa Neil | ||
| 260 | _c2013 | ||
| 650 | _xWeb Development | ||
| 856 | _uhttp://down.ebook777.com/016/9780596516253.pdf | ||
| 999 |
_c350050 _d350050 |
||